Les pays avec le plus de tremblement de terre au 21ème siècle - Statistiques

Statistiques générales
  • Ce quiz a été pris 88 fois
  • Le résultat moyen est 7 sur 10
Statistiques - réponses
Nombre de tremblement de terre Pays % Correct
75 Japon
95%
152 Chine
92%
59 États-Unis
84%
50 Inde
83%
138 Indonésie
83%
48 Turquie
59%
44 Philippines
55%
32 Chili
53%
39 Pérou
40%
85 Iran
39%
Aucun quiz correspondant
Distribution des résultats
% des personnes avec chaque résultat
Percentile par nombre de réponses
Votre historique - résultats
Vous n’avez pas pris ce quiz